Log on : To the Computer world-8 (Record no. 5428)
[ view plain ]
| 000 -LEADER | |
|---|---|
| fixed length control field | 00239nam a22000857a 4500 |
| 008 - FIXED-LENGTH DATA ELEMENTS--GENERAL INFORMATION | |
| fixed length control field | 170113b xxu||||| |||| 00| 0 eng d |
| 100 ## - MAIN ENTRY--PERSONAL NAME | |
| 9 (RLIN) | 2401 |
| Personal name | Madan. M |
| 245 ## - TITLE STATEMENT | |
| Title | Log on : To the Computer world-8 |
| 260 ## - PUBLICATION, DISTRIBUTION, ETC. (IMPRINT) | |
| Place of publication, distribution, etc. | New Delhi |
| Name of publisher, distributor, etc. | Navdeep Publication |
| Date of publication, distribution, etc. | 2004 |
| Withdrawn status | Lost status | Source of classification or shelving scheme | Materials specified (bound volume or other part) | Damaged status | Koha normalized classification for sorting | Not for loan | Home library | Current library | Shelving location | Date acquired | Total Checkouts | Full call number | Barcode | Date last seen | Price effective from | Koha item type |
|---|---|---|---|---|---|---|---|---|---|---|---|---|---|---|---|---|
| Dewey Decimal Classification | 2017-01-13 | 004_000000000000000 | Good Samaritan School Library | Good Samaritan School Library | Computer Science | 004 | MAD4621 | 01/13/2017 | 01/13/2017 | BOOK |